[Event "SEMI W-ch3 LG sf-B email"]
[Site "SEMI email"]
[Date "2000.11.15"]
[Round "?"]
[White "Gaard, Karl Gustav"]
[Black "Radovic, Momir"]
[Result "1-0"]
[WhiteElo "2287"]
[BlackElo "2200"]
[PlyCount "27"]
[EventDate "2000.11.15"]
[EventType "tourn (corr)"]
[EventRounds "10"]
[EventCountry "ITA"]
[SourceTitle "Corr 2008"]
[Source "ChessBase"]
[SourceDate "2008.06.24"]
[SourceVersion "1"]
[SourceVersionDate "2008.06.24"]
[SourceQuality "1"]

1. e4 e5 2. Nf3 f5 3. exf5 e4 4. Ne5 Nf6 5. Be2 Be7 6. Bh5+ Kf8 7. d4 d6 8. Nc4 Bxf5 9. 0-0 Be6 10. Ne3 d5 11. Be2 c5 12. c3 cxd4 13. Qxd4 Nc6 14. Qd2 1-0

[Event "SEMI W-ch3 LG sf-B email"]
[Site "SEMI email"]
[Date "2000.11.15"]
[Round "?"]
[White "Radovic, Momir"]
[Black "Ruggeri Laderchi, Giorgio"]
[Result "0-1"]
[WhiteElo "2200"]
[BlackElo "2400"]
[PlyCount "50"]
[EventDate "2000.11.15"]
[EventType "tourn (corr)"]
[EventRounds "10"]
[EventCountry "ITA"]
[SourceTitle "Corr 2008"]
[Source "ChessBase"]
[SourceDate "2008.06.24"]
[SourceVersion "1"]
[SourceVersionDate "2008.06.24"]
[SourceQuality "1"]

1. e4 e5 2. Nf3 f5 3. d4 fxe4 4. Nxe5 Nf6 5. Be2 d6 6. Ng4 Be7 7. c4 0-0 8. Nc3 Bf5 9. Ne3 Bg6 10. 0-0 c6 11. b3 Nbd7 12. Bb2 Qc7 13. Qd2 Rae8 14. Rad1 Nb6 15. d5 Nbd7 16. dxc6 bxc6 17. Ba3 Nc5 18. b4 Nd3 19. b5 a6 20. bxc6 Qxc6 21. Rb1 Bd8 22. Ncd5 Nxd5 23. cxd5 Qd7 24. Bg4 Qc7 25. Be6+ Kh8 0-1

[Event "SEMI W-ch3 Latvian gam-G corr"]
[Site "SEMI email"]
[Date "1999.??.??"]
[Round "?"]
[White "Profeta, Giuliano"]
[Black "Radovic, Momir"]
[Result "0-1"]
[WhiteElo "1860"]
[BlackElo "2200"]
[PlyCount "46"]
[EventDate "1999.04.06"]
[EventType "tourn (corr)"]
[EventRounds "6"]
[EventCountry "ITA"]
[SourceTitle "Corr 2008"]
[Source "ChessBase"]
[SourceDate "2008.06.24"]
[SourceVersion "1"]
[SourceVersionDate "2008.06.24"]
[SourceQuality "1"]

1. e4 e5 2. Nf3 f5 3. Nxe5 Nc6 4. Nxc6 dxc6 5. d4 Qh4 6. exf5 Bxf5 7. Bd3 Bg4 8. Be2 Be6 9. c3 Nf6 10. Nd2 Bd5 11. Nf3 Qg4 12. 0-0 Bd6 13. c4 Be4 14. h3 Qg6 15. Nh4 Qf7 16. f3 Bg6 17. Nxg6 Qxg6 18. Bd3 Qg3 19. Qe1+ Kf7 20. Qxg3 Bxg3 21. Be3 Rhe8 22. Bf2 Bxf2+ 23. Kxf2 Rad8 0-1

[Event "SEMI W-ch3 Latvian gam-G corr"]
[Site "SEMI email"]
[Date "1999.??.??"]
[Round "?"]
[White "Radovic, Momir"]
[Black "De Leeuw, Dirk"]
[Result "1-0"]
[WhiteElo "2200"]
[BlackElo "1998"]
[PlyCount "70"]
[EventDate "1999.04.06"]
[EventType "tourn (corr)"]
[EventRounds "6"]
[EventCountry "ITA"]
[SourceTitle "Corr 2008"]
[Source "ChessBase"]
[SourceDate "2008.06.24"]
[SourceVersion "1"]
[SourceVersionDate "2008.06.24"]
[SourceQuality "1"]

1. e4 e5 2. Nf3 f5 3. exf5 Nc6 4. d4 exd4 5. Nxd4 Qf6 6. Be3 Nxd4 7. Bxd4 Qxf5 8. Nc3 d5 9. Bd3 Qe6+ 10. Kd2 Qf7 11. Qe2+ Kd8 12. Qe3 b6 13. Be5 c6 14. Qg3 Nf6 15. Rae1 Bc5 16. Re2 Re8 17. Rhe1 Be6 18. f3 Nh5 19. Qh4+ Be7 20. Qa4 Bd7 21. Ba6 Bg5+ 22. Kd1 Nf4 23. Bxf4 Bxf4 24. Rxe8+ Bxe8 25. Rxe8+ Qxe8 26. Qxf4 Qe7 27. Ne2 g5 28. Qg3 h6 29. Nd4 Qf6 30. c3 Qg6 31. Kd2 Kd7 32. Bb7 Rd8 33. Bxc6+ Kc8 34. Nb5 Qf7 35. Nd6+ Rxd6 1-0

[Event "SEMI W-ch3 Latvian gam-G corr"]
[Site "SEMI email"]
[Date "1999.??.??"]
[Round "?"]
[White "Radovic, Momir"]
[Black "Profeta, Giuliano"]
[Result "1-0"]
[WhiteElo "2200"]
[BlackElo "1860"]
[PlyCount "53"]
[EventDate "1999.04.06"]
[EventType "tourn (corr)"]
[EventRounds "6"]
[EventCountry "ITA"]
[SourceTitle "Corr 2008"]
[Source "ChessBase"]
[SourceDate "2008.06.24"]
[SourceVersion "1"]
[SourceVersionDate "2008.06.24"]
[SourceQuality "1"]

1. e4 e5 2. Nf3 f5 3. d4 fxe4 4. Nxe5 Nf6 5. Be2 d6 6. Ng4 Nxg4 7. Bxg4 Nd7 8. Nc3 Nf6 9. Bxc8 Qxc8 10. 0-0 Be7 11. Bg5 Qf5 12. Bxf6 gxf6 13. Qe2 0-0-0 14. Nxe4 d5 15. Ng3 Qd7 16. Rfe1 Bd6 17. Qf3 Bxg3 18. hxg3 h5 19. Qxf6 h4 20. Re7 Qd6 21. Qxd6 Rxd6 22. g4 Rd7 23. Rae1 Kd8 24. Rxd7+ Kxd7 25. f3 c6 26. Kf2 a5 27. f4 1-0

[Event "SEMI W-ch3 Latvian gam-G corr"]
[Site "SEMI email"]
[Date "1999.??.??"]
[Round "?"]
[White "Villar, Horacio Nelson"]
[Black "Radovic, Momir"]
[Result "1/2-1/2"]
[WhiteElo "2323"]
[BlackElo "2200"]
[PlyCount "44"]
[EventDate "1999.04.06"]
[EventType "tourn (corr)"]
[EventRounds "6"]
[EventCountry "ITA"]
[SourceTitle "Corr 2008"]
[Source "ChessBase"]
[SourceDate "2008.06.24"]
[SourceVersion "1"]
[SourceVersionDate "2008.06.24"]
[SourceQuality "1"]

1. e4 e5 2. Nf3 f5 3. Nxe5 Qf6 4. d4 d6 5. Nc4 fxe4 6. Nc3 Qg6 7. f3 Nf6 8. fxe4 Be7 9. e5 Ng4 10. Bd3 Qh5 11. Nd5 Bh4+ 12. g3 0-0 13. Nxc7 Bxg3+ 14. Kd2 Bf4+ 15. Kc3 dxe5 16. Bxf4 exd4+ 17. Kd2 Rxf4 18. Kc1 b5 19. Nxa8 Qh6 20. Qd2 Nf2 21. Nc7 Nxh1 22. Nd5 Rh4 1/2-1/2